| 000 | 00629nam a2200241 a 4500 | ||
|---|---|---|---|
| 005 | 20140310183511.0 | ||
| 008 | 101013s19uu xx 00 eng d | ||
| 020 | _a9780745644004 | ||
| 050 |
_aRJ 506.A9 _b.Au97 2010 |
||
| 245 | _aThe autism matrix / | ||
| 260 |
_aUSA : _bPolity Press, _c2010. |
||
| 300 |
_a312 p. : _bill. ; _c24 cm. |
||
| 521 | _aEDU | ||
| 650 | _aAutism in children-care. | ||
| 650 | _aAutism in children-treatment | ||
| 700 | _aEyal, Gil | ||
| 700 | _aHart, Brendan | ||
| 700 | _aOnculer, Emine | ||
| 700 | _aOren, Neta | ||
| 700 | _aRossi, Natasha | ||
| 942 |
_cBK _2lcc _kFOR |
||
| 999 |
_c24182 _d24182 |
||